Language ideologies and media discourse : (Record no. 19368)

MARC details
000 -LEADER
fixed length control field 01108cam a22003015a 4500
001 - CONTROL NUMBER
control field 16218778
005 - DATE AND TIME OF LATEST TRANSACTION
control field 20150519122628.0
008 - FIXED-LENGTH DATA ELEMENTS--GENERAL INFORMATION
fixed length control field 100505t2010 enka frb 001 0 eng d
020 ## - INTERNATIONAL STANDARD BOOK NUMBER
International Standard Book Number 9781441155863
020 ## - INTERNATIONAL STANDARD BOOK NUMBER
International Standard Book Number 9781441129673
040 ## - CATALOGING SOURCE
Original cataloging agency BTCTA
Language of cataloging eng
Transcribing agency BTCTA
Modifying agency BWK
-- UKM
-- YDXCP
-- BWKUK
-- HLS
-- GZM
-- BWX
-- VPI
-- DLC
-- EG-ScBUE
082 04 - DEWEY DECIMAL CLASSIFICATION NUMBER
Classification number 302.23
Item number LAN
Edition number 22
245 00 - TITLE STATEMENT
Title Language ideologies and media discourse :
Remainder of title texts, practices, politics /
Statement of responsibility, etc edited by Sally Johnson and Tommaso M. Milani.
260 ## - PUBLICATION, DISTRIBUTION, ETC. (IMPRINT)
Place of publication, distribution, etc London ;
-- New York :
Name of publisher, distributor, etc Continuum International Publishing Group,
Date of publication, distribution, etc c.2010.
300 ## - PHYSICAL DESCRIPTION
Extent xii, 296 p. :
Other physical details ill. (some col.) ;
Dimensions 24 cm.
490 0# - Series Statement
Series statement Advances in sociolinguistics
500 ## - GENERAL NOTE
General note Index ; p. 283-296.
504 ## - BIBLIOGRAPHY, ETC. NOTE
Bibliography, etc Includes bibliographical references.
650 #0 - SUBJECT ADDED ENTRY--TOPICAL TERM
Topical term or geographic name as entry element Mass media and language.
Source of heading or term BUEsh
650 #0 - SUBJECT ADDED ENTRY--TOPICAL TERM
Topical term or geographic name as entry element Mass media
General subdivision Influence.
Source of heading or term BUEsh
650 #0 - SUBJECT ADDED ENTRY--TOPICAL TERM
Topical term or geographic name as entry element Discourse analysis.
Source of heading or term BUEsh
651 ## - SUBJECT ADDED ENTRY--GEOGRAPHIC NAME
Source of heading or term BUEsh
653 ## - INDEX TERM--UNCONTROLLED
Resource For college Communication and mass media
Arrived date list May2015
655 ## - INDEX TERM--GENRE/FORM
Form subdivision
-- 34232
700 1# - ADDED ENTRY--PERSONAL NAME
Personal name Johnson, Sally A.,
Relator term editor.
700 1# - ADDED ENTRY--PERSONAL NAME
Personal name Milani, Tommaso M.,
Relator term editor.
942 ## - ADDED ENTRY ELEMENTS (KOHA)
Source of classification or shelving scheme Dewey Decimal Classification
Call number prefix 302.23 LAN
Holdings
Withdrawn status Item status Source of classification or shelving scheme Damaged status Not for loan Vendor Home library Current library Shelving location Date acquired Source of acquisition Cost, normal purchase price Serial Enumeration / chronology Total Checkouts Total Renewals Full call number Barcode Date last seen Date last borrowed Cost, replacement price Koha item type
    Dewey Decimal Classification     Alahram Central Library Central Library First floor 18/05/2015   336.00 314 3 5 302.23 LAN 000038240 15/07/2025 03/03/2019 420.00 Book - Borrowing